Normal view
MARC view
Entry Meeting Name
001 - CONTROL NUMBER
- control field: 24007
003 - CONTROL NUMBER IDENTIFIER
- control field: OSt
005 - DATE AND TIME OF LATEST TRANSACTION
- control field: 20211105134822.0
008 - FIXED-LENGTH DATA ELEMENTS
- fixed length control field: 211105|| aca||aabn | a|a d
040 ## - CATALOGING SOURCE
- Original cataloging agency: OSt
- Transcribing agency: OSt
111 ## - HEADING--MEETING NAME
- Meeting name or jurisdiction name as entry element: International Conference on Neutron Stars and Pulsars Thirty Years After The Discovery
- Location of meeting: Tokyo, Japan
- Date of meeting or treaty signing: 1997 Nov. 17-20
670 ## - SOURCE DATA FOUND
- Source citation: Work cat.: (OSt): International Conference on Neutron Stars and Pulsars Thirty Years After The Discovery Tokyo, Japan 1997 Nov. 17-20, Neutron stars and pulsars, 1998